00879cam a2200229 a 4500020002200000020002000022040000800042082002600050100002000076245002500096260003600121300002900157520016400186650002000350650001200370650002600382700001600408856005400424942000700478999001700485952014700502 a0070058296 (pbk.) a0070061076 (hc) cDLC00a742 HIL 1996 A086 Or.1 aAronson, Billy.10aBetting on forever / aNew York :bMcGraw-Hill,c1996. a149 p. :bill. ;c23 cm. aStrange-looking creatures from the past gather in their ghostly forms for an Extinct Animal Reunion where they discuss potential dangers to life on the planet. 1aExtinct animals 1aEcology 1aWildlife conservation1 aQuinn, John41uhttp://www.loc.gov/catdir/toc/mh022/96020646.html cEK c12336d12336 0010406742_000000000000000_HIL_1996_A086_OR70961916aLBAbLBAcA086d2017-08-12o742 HIL 1996 A086 Or.pA18380r2017-08-12w2017-08-12yEK